书目信息 |
| 题名: |
法院审理保险案件观点集成
|
|
| 作者: | 贾林青 主编 | |
| 分册: | ||
| 出版信息: | 北京 中国法制出版社 2016 |
|
| 页数: | 466页 | |
| 开本: | 24cm | |
| 丛书名: | 法院审理案件观点集成丛书 | |
| 单 册: | ||
| 中图分类: | D922.284.5 | |
| 科图分类: | ||
| 主题词: | 保险法--bao xian fa--审判--案例--中国 | |
| 电子资源: | ||
| ISBN: | 978-7-5093-6729-2 | |
| 000 | 01189nam0 22002771 450 | |
| 001 | 0116132753 | |
| 005 | 20161219100539.92 | |
| 010 | @a978-7-5093-6729-2@dCNY73.00 | |
| 100 | @a20160119d2016 em y0chiy50 ea | |
| 101 | 0 | @achi |
| 102 | @aCN@b110000 | |
| 105 | @ay z 000yy | |
| 106 | @ar | |
| 200 | 1 | @a法院审理保险案件观点集成@9fa yuan shen li bao xian an jian guan dian ji cheng@dAggregation of trail views on cases of insurance@f贾林青主编@zeng |
| 210 | @a北京@c中国法制出版社@d2016 | |
| 215 | @a466页@d24cm | |
| 225 | 2 | @a法院审理案件观点集成丛书@9fa yuan shen li an jian guan dian ji cheng cong shu |
| 300 | @a含保险法司法解释(三) | |
| 330 | @a本书尝试性地以归纳概括保险审判活动中各方当事人,尤其是以法官的观点为主线,用以反映保险案件和保险审判的特殊规律,帮助广大读者在了解保险纠纷案件法律争议问题的前提下,迅速了解法院的司法观点和裁判思路。 | |
| 461 | 0 | @12001 @a法院审理案件观点集成丛书 |
| 510 | 1 | @aAggregation of trail views on cases of insurance@zeng |
| 606 | 0 | @a保险法@9bao xian fa@x审判@x案例@y中国 |
| 690 | @aD922.284.5@v5 | |
| 701 | 0 | @a贾林青@9jia lin qing@f(1958~)@4主编 |
| 801 | 0 | @aCN@bTANGWEI@c20160820 |
| 905 | @b0952929-33@dD922.284.5@e1524@f5 | |
| 法院审理保险案件观点集成=Aggregation of trail views on cases of insurance/贾林青主编.-北京:中国法制出版社,2016 |
| 466页;24cm.-(法院审理案件观点集成丛书) |
| 含保险法司法解释(三) |
| ISBN 978-7-5093-6729-2:CNY73.00 |
| 本书尝试性地以归纳概括保险审判活动中各方当事人,尤其是以法官的观点为主线,用以反映保险案件和保险审判的特殊规律,帮助广大读者在了解保险纠纷案件法律争议问题的前提下,迅速了解法院的司法观点和裁判思路。 |
| ● |
| 相关链接 |
|
|
|
|
正题名:法院审理保险案件观点集成
索取号:D922.284.5/1524
 
预约/预借
| 序号 | 登录号 | 条形码 | 馆藏地/架位号 | 状态 | 备注 |
| 1 | 0952929 | 209529296 | 第一样本阅览室/ [索取号:D922.284.5/1524] | 在馆 | |
| 2 | 0952930 | 209529303 | 第一借阅区/ [索取号:D922.284.5/1524] | 在馆 | |
| 3 | 0952931 | 209529312 | 第一借阅区/ [索取号:D922.284.5/1524] | 在馆 | |
| 4 | 0952932 | 209529321 | 第一借阅区/ [索取号:D922.284.5/1524] | 在馆 | |
| 5 | 0952933 | 209529330 | 第一借阅区/ [索取号:D922.284.5/1524] | 在馆 |